000 00311nam a2200145Ia 4500
100 _aAndersen/Dick/ Cooper/C
942 _cBK
654 _aWord Star
245 _aWord Star Tips And Traps
260 _bBPB Pub.
_aDelhi
_c1987
082 _a1.6
_bAnd/Coo
300 _a239
546 _aENGLISH
999 _c22778
_d22778